| 000 | 01671cam a2200361 a 4500 | ||
|---|---|---|---|
| 999 |
_c234828 _d234828 |
||
| 001 | 12800975 | ||
| 003 | Nust | ||
| 005 | 20170330202357.0 | ||
| 008 | 020604s2002 nyua c 000 1 eng | ||
| 010 | _a 2002008337 | ||
| 020 | _a9781405253840 | ||
| 040 |
_aDLC _cDLC _dDLC |
||
| 042 | _alcac | ||
| 050 | 0 | 0 |
_aPZ7.S6795 _bCar 2002 |
| 082 | 0 | 0 |
_a823 _bSNI |
| 100 | 1 | _aSnicket, Lemony. | |
| 245 | 1 | 4 |
_aThe carnivorous carnival / _cby Lemony Snicket ; illustrations by Brett Helquist. |
| 250 | _a1st ed. | ||
| 260 |
_aNew York : _bHarperCollins, _c2002. |
||
| 300 |
_a286 p. : _bill. ; _c19 cm. |
||
| 490 | 1 |
_aA series of unfortunate events ; _vbk. 9 |
|
| 520 | _aOn the run as suspected murderers, the unlucky Baudelaire orphans find themselves trapped in the Caligari Carnival, where they must masquerade as freaks in order to hide from the evil Count Olaf. | ||
| 650 | 1 |
_aOrphans _vFiction. |
|
| 650 | 1 |
_aBrothers and sisters _vFiction. |
|
| 650 | 1 |
_aCarnivals _vFiction. |
|
| 650 | 1 | _aHumorous stories. | |
| 700 | 1 |
_aHelquist, Brett, _eill. |
|
| 800 | 1 |
_aSnicket, Lemony. _tSeries of unfortunate events ; _vbk. 9. |
|
| 856 | 4 | 2 |
_3Publisher description _uhttp://www.loc.gov/catdir/description/hc042/2002008337.html |
| 856 | 4 | 2 |
_3Contributor biographical information _uhttp://www.loc.gov/catdir/enhancements/fy0911/2002008337-b.html |
| 906 |
_a7 _bcbc _corignew _d1 _eecip _f20 _gy-gencatlg |
||
| 942 |
_2ddc _cBK |
||